000 00652nam a2200241Ia 4500
003 OSt
005 20221006163810.0
006 a|||||r|||| 00| 0
007 ta
008 221006b |||||||| |||| 00| 0 eng d
024 _a1,167
037 _cTextual
040 _aFML
_cFML
_beng
041 _2eng
_aeng
082 _aWxC61, K3.1 -.2
100 _aKautilya Au.
_9675803
245 0 _aArthashastra
260 _aMumbai
_bUniversity of Mumbai
_c1963
300 _aVarious Page
_ccm.
700 _a Kangle R P Tr.
_9589025
942 _hWxC61, K3.1 -.2
_cTEXL
_2CC
999 _c1115307
_d1115307